| 000 | 00646cam a2200157ua 4500 | ||
|---|---|---|---|
| 041 |
_aeng _h |
||
| 082 |
_a028.74631 _bCEN/IN |
||
| 110 | 1 |
_aCentral board of irrigation and power . _b _c() |
|
| 245 | _aSixth international conference on expensive soils, vol-1 | ||
| 250 |
_a1 / _b. |
||
| 260 |
_aNew Delhi : _bOxford & IBH Publishing company , _c1987. |
||
| 300 | _a495 ; . | ||
| 504 | _a | ||
| 942 | _cBK | ||
| 999 |
_c5903 _d5903 |
||